| 000 | 00914nam a2200289Ia 4500 | ||
|---|---|---|---|
| 005 | 20220316235238.0 | ||
| 008 | 121119s1997 mx a gr 000 j spa | ||
| 020 | _a9681652126 | ||
| 041 | 0 | _aspa | |
| 100 | 1 | _aSanroman, Susana, | |
| 245 | 1 | 3 |
_aLa señora regañona _cSusana Sanroman ; ilustraciones de Domi |
| 250 | _aPrimera edición | ||
| 264 | 1 |
_aMéxico _bFondo de Cultura Económica _c1997 |
|
| 300 |
_a18 páginas _bilustraciones |
||
| 336 |
_atexto _btxt _2rdacontent |
||
| 337 |
_asin mediación _bn _2rdamedia |
||
| 338 |
_avolumen _bnc _2rdacarrier |
||
| 490 | 0 | _aLos especiales de a la orilla del viento | |
| 650 | 1 | 4 |
_2LEMB _aCuentos infantiles |
| 650 | 1 | 4 |
_2LEMB _aLiteratura infantil |
| 650 | 1 | 4 |
_2LEMB _yNoches _vCuentos |
| 650 | 1 | 4 |
_2LEMB _aMiedos infantiles _vCuentos |
| 700 | 0 |
_aDomi _eilustrador _919156 |
|
| 942 |
_2loc _cBKLIT |
||
| 040 |
_aCO-BoRNBP _bspa _erda _cCO-BoRNBP |
||
| 084 | _aA SAN7 | ||
| 999 |
_c354 _d354 |
||